|
|
|
|
| LEADER |
01070nam a22002777a 4500 |
| 001 |
35696 |
| 003 |
BD-DhAAL |
| 005 |
20211206144101.0 |
| 008 |
200311t2000 ii ||||| b||| 001 0 eng d |
| 999 |
|
|
|c 42315
|d 42315
|
| 020 |
|
|
|a 8170228409
|
| 040 |
|
|
|a BD-DhAAL
|
| 082 |
|
|
|a 378.15540954
|
| 100 |
|
|
|a Kumar, Birendra
|9 39880
|
| 245 |
|
|
|a Extension education for human resource development /
|c Birendra Kumar; B S Hansra
|
| 260 |
|
|
|a New Delhi :
|b Concept Pub. Company,
|c 2000
|
| 300 |
|
|
|a xii, 200 pages ;
|c 23 cm.
|
| 504 |
|
|
|a Includes bibliographical references and index.
|
| 526 |
|
|
|a BIED
|
| 541 |
|
|
|a Complimentary copy from BIED
|e 35696
|
| 650 |
|
|
|a University extension
|z India.
|9 39881
|
| 650 |
|
|
|a University extension.
|9 39882
|
| 700 |
|
|
|a Hansra, B. S.
|9 39883
|
| 852 |
|
|
|a Ayesha Abed Library
|c BIED Collection
|
| 942 |
|
|
|2 ddc
|c BK
|
| 952 |
|
|
|0 0
|1 0
|2 ddc
|4 0
|6 378_155409540000000_KUM
|7 0
|9 68122
|a BRACUL
|b BRACUL
|c GEN
|d 2020-03-11
|e Complimentary copy from BIED
|l 0
|o 378.15540954 KUM
|p 3010035696
|r 2020-03-11
|t 1
|w 2020-03-11
|y BK
|x Transferred from BIED to General Stacks
|